000 00571nam a22002057a 4500
003 KOHA_MİRAKIL
005 20241003053859.0
008 241002b2018 tu ||||| |||| 00| 0 tur d
020 _a9786257854986
040 _aTR-AnABB
_btur
_cTR-AnABB
041 _atur
082 _a813.42
_bSEL 2018
100 1 _aSelimoviç, Meşa
_9232
245 1 0 _aAda /
_cMeşa Selimoviç.
260 _aİstanbul :
_bKetebe Yayınları,
_c2018.
300 _a196 sayfa ;
_c21 cm.
500 _aÖdüller: 2015 Folio Ödülü
650 _aTürk edebiyatı, roman
_94
942 _2ddc
_cBK
999 _c6816
_d6816
900 _bCan Çelik